[Event "12. Int. Neckar-Open B-Open"]
[Site "Deizisau, Germany"]
[Date "2008.03.23"]
[Round "6.3"]
[White "Stein, Carsten"]
[Black "Mekuria, Rufael"]
[Result "1-0"]
[WhiteElo "1951"]
[BlackElo "1850"]
[PlyCount "70"]
[EventDate "2008.??.??"]

1. e4 g6 2. d4 Bg7 3. Nc3 c6 4. Bc4 e6 5. Nf3 d6 6. O-O b5 7. Bd3 a6 8. Bf4 Bb7
9. e5 d5 10. Qd2 Nd7 11. a4 b4 12. Ne2 a5 13. Ng3 Qb6 14. c3 Bf8 15. h3 Ba6 16.
Nh2 Bxd3 17. Qxd3 h5 18. Nf3 O-O-O 19. Rfc1 Kb7 20. Bd2 Nh6 21. cxb4 Bxb4 22.
Bxb4 Qxb4 23. Rc3 Nb6 24. Rb3 Qc4 25. Qd1 Rc8 26. Rc1 Qa6 27. Ne1 Kc7 28. Rbc3
Kd7 29. Nd3 Qa8 30. Nc5+ Ke7 31. Qd2 Nd7 32. Nxd7 Kxd7 33. Rc5 Qb7 34. Rxa5 Ra8
35. Rxa8 Rxa8 1-0

[Event "12. Int. Neckar-Open C-Open"]
[Site "Deizisau, Germany"]
[Date "2008.03.23"]
[Round "6.1"]
[White "Dohmann, Dorothea"]
[Black "Dlapka, Werner"]
[Result "1-0"]
[WhiteElo "1182"]
[BlackElo "1209"]
[PlyCount "47"]
[EventDate "2008.??.??"]

1. e4 e5 2. Nf3 Nc6 3. Bb5 Nd4 4. Nxe5 Qg5 5. Nxf7 Qxg2 6. Nxh8 Qxh1+ 7. Bf1
Qxe4+ 8. Be2 Nf3+ 9. Kf1 d5 10. Bxf3 Bh3+ 11. Kg1 Qh4 12. Qe2+ Kd7 13. Qb5+ Ke7
14. Qxd5 Re8 15. d3 h6 16. Qxg8 Kd8 17. Qd5+ Kc8 18. Qxb7+ Kd8 19. Nf7+ Ke7 20.
Qxc7+ Kf6 21. Bd2 g5 22. Qg3 Kxf7 23. Qxh4 gxh4 24. Bh5+ 1-0

[Event "12. Int. Neckar-Open C-Open"]
[Site "Deizisau, Germany"]
[Date "2008.03.23"]
[Round "6.2"]
[White "Ress, Jochen"]
[Black "Bischof, Lothar"]
[Result "1-0"]
[WhiteElo "1228"]
[BlackElo "1295"]
[PlyCount "33"]
[EventDate "2008.??.??"]

1. c4 e5 2. Nc3 Nc6 3. Nf3 Bb4 4. g3 Bxc3 5. dxc3 d6 6. Bg2 Bd7 7. O-O h6 8.
Ne1 Nf6 9. Nc2 O-O 10. e4 Ne7 11. Ne3 c6 12. Qxd6 Nc8 13. Qxe5 Re8 14. Qd4 Ne7
15. Rd1 Ng6 16. Nf5 Ne5 17. Nd6 1-0